Toward a political economy of development : (Record no. 7480)

MARC details
000 -LEADER
fixed length control field 01141nac a22002891u 4500
010 ## - LIBRARY OF CONGRESS CONTROL NUMBER
LC control number 87010870
020 ## - INTERNATIONAL STANDARD BOOK NUMBER
International Standard Book Number 0520060512 (alk. paper)
020 ## - INTERNATIONAL STANDARD BOOK NUMBER
International Standard Book Number 0520060520 (pbk.)
082 00 - DEWEY DECIMAL CLASSIFICATION NUMBER
Classification number 338.9009172
Item number BAT
090 ## - LOCALLY ASSIGNED LC-TYPE CALL NUMBER (OCLC); LOCAL CALL NUMBER (OCLC)
-- 7480
-- 7480
100 ## - MAIN ENTRY--PERSONAL NAME
Personal name Bates, Robert H.
245 00 - TITLE STATEMENT
Title Toward a political economy of development :
Remainder of title a rational choice perspective /
Statement of responsibility, etc edited by Robert H. Bates.
260 ## - PUBLICATION, DISTRIBUTION, ETC. (IMPRINT)
Place of publication, distribution, etc Berkeley :
Name of publisher, distributor, etc University of California Press,
Date of publication, distribution, etc c1988.
300 ## - PHYSICAL DESCRIPTION
Extent x, 393 p. ;
Dimensions 24 cm.
440 #0 -
-- California series on social choice and political economy ;
-- 14
500 ## - GENERAL NOTE
General note Includes index.
500 ## - GENERAL NOTE
General note Distributer: Al-Ahram.
504 ## - BIBLIOGRAPHY, ETC. NOTE
Bibliography, etc Bibliography: p. [359]-380.
511 ## - PARTICIPANT OR PERFORMER NOTE
Participant or performer note Catalogued By: Mahitab.
650 #0 - SUBJECT ADDED ENTRY--TOPICAL TERM
Topical term or geographic name as entry element Social choice.
651 #0 - SUBJECT ADDED ENTRY--GEOGRAPHIC NAME
Geographic name Developing countries
General subdivision Economic policy.
651 #0 - SUBJECT ADDED ENTRY--GEOGRAPHIC NAME
Geographic name Developing countries
General subdivision Economic conditions.
651 #0 - SUBJECT ADDED ENTRY--GEOGRAPHIC NAME
Geographic name Developing countries
General subdivision Politics and government.
700 1# - ADDED ENTRY--PERSONAL NAME
Personal name Bates, Robert H.
942 ## - ADDED ENTRY ELEMENTS (KOHA)
Item type Book - Borrowing
Call number prefix 338.9009172BAT
Holdings
Withdrawn status Item status Damaged status Not for loan Home library Current library Shelving location Date acquired Source of acquisition Total Checkouts Total Renewals Full call number Barcode Date last seen Date last borrowed Koha item type
        Central Library Central Library First floor 24/01/2008 Purchase 7 1 338.9009172BAT 000009037 15/07/2025 25/10/2015 Book - Borrowing